Gaming Quiz

Random Gaming or Alphabet Quiz

First Pokémon A-Z Quiz Stats

Quiz Updated Jan 18, 2018

Also try: Drug or Pokémon?
Challenge
Share
Tweet
Embed
Score 0/26 Timer 04:00
6 Plays Today
Letter Pokémon % Correct
BBulbasaur
92.8%
CCharmander
91.3%
SSquirtle
76.3%
IIvysaur
63.1%
WWartortle
61.5%
PPidgey
61.4%
VVenusaur
59.1%
AArbok
53.3%
RRattata
52.3%
KKakuna
50.8%
EEkans
50.3%
MMetapod
50.3%
NNidoran♀
47%
Letter Pokémon % Correct
FFearow
46.6%
DDiglett
44.2%
JJigglypuff
41.7%
ZZubat
40.9%
OOddish
32.4%
GGolbat
26.9%
HHaunter
23.2%
XXatu
21.7%
YYanma
18.2%
LLickitung
15.5%
QQuilava
15.4%
TTentacool
15.2%
UUmbreon
15%

You're not logged in!

Compare scores with friends on all Sporcle quizzes.
Sign Up with Email
OR
Log In

You Might Also Like...

Show Comments

Extras

Top Quizzes Today


Score Distribution

Your Account Isn't Verified!

In order to create a playlist on Sporcle, you need to verify the email address you used during registration. Go to your Sporcle Settings to finish the process.

Report this User

Report this user for behavior that violates our Community Guidelines.

Details: